Escritos de un salvaje

Gorde:
Xehetasun bibliografikoak
Egile nagusia: Gauguin, Paul (Egilea)
Formatua: Liburua
Hizkuntza:gaztelania
Argitaratua: Madrid Akal S. A 2008
Edizioa:2a. ed
Saila:Básica de Bolsillo, 167
Gaiak:
Etiketak: Etiketa erantsi
Etiketarik gabe, Izan zaitez lehena erregistro honi etiketa jartzen!

MARC

LEADER 00000cam a2200000 a 4500
001 UCE0648
003 CL-VaPUC
005 20240514155817.0
008 140227e20080000sp |||||||||||||||||spa|d
999 |c 354710  |d 354708 
020 |a 9788446029731 
040 |c Pontificia Universidad Católica de Valparaíso 
082 0 4 |a 741.092 GAU 2008  |2 21 
100 0 |a Gauguin, Paul  |e author  |9 266118 
245 1 0 |a Escritos de un salvaje 
250 |a 2a. ed 
260 |a Madrid  |b Akal S. A  |c 2008 
300 |a 274 p 
490 0 |a Básica de Bolsillo, 167 
583 |a last modification  |c 20140227 11:27:00  |k Rodrigo Vera 
650 0 |a Postimpresionismo  |9 407295 
650 0 |a Pintura francesa  |9 266122 
650 0 |a Pintores franceses   |9 340354 
942 |c BK  |2 ddc 
945 |d 20140227 11:27:00  |a dcastane 
952 |0 0  |1 0  |3 erb  |4 0  |6 741_092000000000000_GAU_2008  |7 0  |8 R  |9 460855  |a BIBART  |b BIBART  |i 5057191  |o 741.092 GAU 2008  |p 5057191  |r 2025-03-13  |w 2019-11-23  |y BK_R  |z Catalogado en:20140227  |k ART 
952 |0 0  |1 0  |2 ddc  |4 0  |6 741_092000000000000_GAU_2008  |7 0  |8 A  |9 594604  |a BIBART  |b BIBART  |d 2024-05-13  |e 45  |g 14500.00  |i 5661377  |o 741.092 GAU 2008  |p 5661377  |r 2025-03-13  |t 2  |v 14500.00  |w 2024-05-13  |y BK_R  |k ART